Politika ochrany hospodárskej súťaže Európskej únie

Politika ochrany hospodárskej súťaže patrí na základe vymedzenia Lisabonskej zmluvy do kategórie politík, s výlučnou právomocou Európskej únie. Podstatou politiky hospodárskej súťaže je uplatňovanie pravidiel, ktoré zabezpečujú, že podniky a spoločnosti navzájom poctivo súťažia. Prínosy politiky.

Salvato in:
Dettagli Bibliografici
Autore principale: Vidová, Jarmila, 1967-
Natura: Capitolo di libro
Lingua:slovacco
Soggetti:
Tags: Aggiungi Tag
Nessun Tag, puoi essere il primo ad aggiungerne!!

MARC

LEADER 00000nla a2200000 4500
001 0174120
005 20240502072952.4
041 0 |a slo 
044 |a SK 
245 1 0 |a Politika ochrany hospodárskej súťaže Európskej únie  |c Jarmila Vidová 
520 |a Politika ochrany hospodárskej súťaže patrí na základe vymedzenia Lisabonskej zmluvy do kategórie politík, s výlučnou právomocou Európskej únie. Podstatou politiky hospodárskej súťaže je uplatňovanie pravidiel, ktoré zabezpečujú, že podniky a spoločnosti navzájom poctivo súťažia. Prínosy politiky. 
610 2 0 |a súťaž hospodárska 
610 2 0 |a politika protimonopolná 
610 2 0 |a ochrana súťaže hospodárskej 
610 2 0 |a Európska únia 
610 2 0 |a konkurencieschopnosť 
610 2 0 |a právo protimonopolné 
100 1 |a Vidová, Jarmila, 1967-